Normal view
MARC view
Entry Personal Name
001 - CONTROL NUMBER
- control field: 46308
003 - CONTROL NUMBER IDENTIFIER
- control field: ARRUPE
005 - DATE AND TIME OF LATEST TRANSACTION
- control field: 20190507111750.0
008 - FIXED-LENGTH DATA ELEMENTS
- fixed length control field: 190507|| aca||aabn | a|a d
040 ## - CATALOGING SOURCE
- Original cataloging agency: ARRUPE
- Transcribing agency: ARRUPE
100 ## - HEADING--PERSONAL NAME
- Personal name: Charlton, D. G.
- Fuller form of name: (Donald Geoffrey)
670 ## - SOURCE DATA FOUND
- Source citation: Work cat.: (ARRUPE)0: Charlton, D. G. (Donald Geoffrey), Secular religions in France, 1815-1870., 1963.